00926cam a22002411a 450000100060000000300080000600500170001400800390003103500190007003500180008904000490010704100080015608200230016410000380018724501000022526000420032530000210036750400640038865100540045294200120050699900170051895201490053525743BD-RjUL20211209050924.0140319s1964 enk b 001 0 eng a(BD-RjUL)25813 a(OCoLC)411335 aDLCcODaWUdOCoLCdOOdUkdDLCdBD-RjULbeng aeng a954.0842bDAI 19641 aDas, M. N.q(Manmath Nath)97714410aIndia under Morley and Minto :bpolitics behind revolution, repression and reforms /cM.N. Das. aLondon :bG. Allen and Unwin,cc1964. a279 p. ;c24 cm. aIncludes bibliographical references (p. 253-258) and index. 0aIndiaxPolitics and governmenty1765-1947.979076 2ddccBK c25743d25743 00102ddc40708NFICaRUCLbRUCLcStackd1968-07-04eSweets & Zaitlingerg45.00l0o954.0842 DAI 1964r2014-03-19 00:00:00tC-3w2014-03-19yBK